000 00574nam a2200193 a 4500
001 BRCA_1977
005 20190320203625.0
008 000000s2000 sp-#---###---#000-0#spa-u
020 _a8449415187
050 4 _aP361
_b.D53 2000
245 1 0 _aDiccionario plurilingüe
_binglés, francés, alemán, italiano.
260 _aBarcelona
_bOceano Grupo Editorial
_c2000
300 _a314 p.
_c15 cm.
440 0 _aNuevo Equipo Didáctico Oceano
_96067
650 1 4 _aDiccionario políglota
_96068
650 1 4 _aEnciclopedias
_vDiccionarios
_96069
902 _aREF
942 _2lcc
_cB
999 _c1746
_d1746